सरकारी दिवस (Record no. 318743)

MARC details
000 -LEADER
fixed length control field 00506nam a2200169Ia 4500
008 - FIXED-LENGTH DATA ELEMENTS--GENERAL INFORMATION
fixed length control field 090711s9999 xx 000 0 und d
082 ## - DEWEY DECIMAL CLASSIFICATION NUMBER
Item number 44584
100 ## - MAIN ENTRY--PERSONAL NAME
Personal name देशमुख वसंत गो.
245 ## - TITLE STATEMENT
Title सरकारी दिवस
260 ## - PUBLICATION, DISTRIBUTION, ETC. (IMPRINT)
Date of publication, distribution, etc 1982
300 ## - PHYSICAL DESCRIPTION
Extent 311
600 ## - SUBJECT ADDED ENTRY--PERSONAL NAME
Personal name देशमुख वसंत गो.
630 ## - SUBJECT ADDED ENTRY--UNIFORM TITLE
Uniform title सरकारी दिवस
700 ## - ADDED ENTRY--PERSONAL NAME
Personal name देशमुख वसंत गो.
730 ## - ADDED ENTRY--UNIFORM TITLE
Uniform title सरकारी दिवस
942 ## - ADDED ENTRY ELEMENTS (KOHA)
Koha item type Book
Holdings
Withdrawn status Lost status Damaged status Not for loan Home library Current library Date acquired Cost, normal purchase price Total Checkouts Full call number Barcode Date last seen Cost, replacement price Price effective from Koha item type
        Dadar Sarvajanik Vachanalaya, Dardar Dadar Sarvajanik Vachanalaya, Dardar 07/11/2009 39.00   44584 DASAVA-44584 07/11/2009 39.00 07/11/2009 Book